Państwa bez liter: M, E, X! - Statystyki

Ogólne statystyki
  • Ten quiz został rozwiązany 93 razy
    9 od ostatniego zresetowania
  • Średni wynik to 64 z 91
Statystyki odpowiedzi
Państwo które nie ma M, E, X! % Poprawnych
Chiny
100%
Japonia
100%
Kanada
100%
Kongo
100%
Litwa
100%
Polska
100%
Rosja
100%
Ukraina
100%
Andora
89%
Angola
89%
Arabia Saudyjska
89%
Australia
89%
Austria
89%
Brazylia
89%
Finlandia
89%
Gruzja
89%
Hiszpania
89%
Holandia
89%
Irak
89%
Iran
89%
Łotwa
89%
Słowacja
89%
Sudan
89%
Sudan Południowy
89%
Turcja
89%
Albania
78%
Białoruś
78%
Boliwia
78%
Cypr
78%
Czad
78%
Francja
78%
Irlandia
78%
Islandia
78%
Kazachstan
78%
Liban
78%
Libia
78%
Sri Lanka
78%
Syria
78%
Tadżykistan
78%
Togo
78%
Watykan
78%
Bhutan
67%
Bułgaria
67%
Czarnogóra
67%
Filipiny
67%
Haiti
67%
Katar
67%
Kiribati
67%
Kosowo
67%
Kuba
67%
Laos
67%
Pakistan
67%
Paragwaj
67%
Portugalia
67%
Salwador
67%
Singapur
67%
Tajlandia
67%
Tonga
67%
Urugwaj
67%
Węgry
67%
Włochy
67%
Afganistan
56%
Antigua i Barbuda
56%
Bahrajn
56%
Barbados
56%
Burkina Faso
56%
Burundi
56%
Chorwacja
56%
Dania
56%
Dżibuti
56%
Gujana
56%
Honduras
56%
Jordania
56%
Kirgistan
56%
Kostaryka
56%
Palau
56%
Rwanda
56%
Saint Lucia
56%
Szwajcaria
56%
Tuvalu
56%
Uganda
56%
Botswana
44%
Fidżi
44%
Gabon
44%
Ghana
44%
Nauru
44%
Nikaragua
44%
Tajwan
44%
Tanzania
44%
Trynidad i Tobago
44%
Vanuatu
33%
Nie znaleziono quizów pasujących do podanych kryteriów
Rozkład punktacji
Procent ludzi z każdym wynikiem
Percentyl według liczby udzielonych odpowiedzi
Twoja historia wyników
Nie rozwiązałeś tego quizu od ostatniego zresetowania